000 02008cam a22003614a 4500
999 _c7266
_d7266
001 15118032
003 OSt
005 20210922114032.0
008 071214s2008 enka b 001 0 eng
010 _a 2007051292
020 _a9780521870702 (hardback)
035 _a(DNLM)101392654
040 _aDNLM/DLC
_cDDC
_dDLC
042 _apcc
050 0 0 _aQP517.P49
_bB43 2008
060 1 0 _aQU 26.5
_bB368c 2008
082 0 0 _a517.4BEA2008
100 1 _aBeard, Daniel A.; Qian,Hong;
_d1971-
_914907
245 1 0 _aChemical biophysics :
_bQuantitative analysis of cellular systems
_cEdited by Beard,Daniel A. ; Qian,Hong;
260 _aNew York :
_bCambridge University Press,
_c2008.
300 _axviii,311p.
_bill.
_c26cm.
440 0 _aCambridge texts in biomedical engineering
_914908
504 _aIncludes; bibliographical references (p. 296-306) and index.
505 0 _aConcepts from physical chemistry -- Conventions and calculations for biochemical systems -- Chemical kinetics and transport processes -- Enzyme-catalyzed reactions -- Biochemical signaling modules -- Biochemical reaction networks -- Coupled biochemical systems and membrane transport -- Spatially distributed systems and reaction-diffusion modeling -- Constraint-based analysis of biochemical systems -- Biomacromolecular structure and molecular association -- Stochastic biochemical systems and the chemical master equation.
650 0 _aChemistry
_9797
700 1 _aQian, Hong,
_d1960-
_914910
856 4 2 _3Contributor biographical information
_uhttp://www.loc.gov/catdir/enhancements/fy0808/2007051292-b.html
856 4 2 _3Publisher description
_uhttp://www.loc.gov/catdir/enhancements/fy0808/2007051292-d.html
856 4 1 _3Table of contents only
_uhttp://www.loc.gov/catdir/enhancements/fy0808/2007051292-t.html
906 _a7
_bcbc
_corignew
_d1
_eecip
_f20
_gy-gencatlg
942 _2ddc
_cO_SHELF